000 00457nam a2200181Ia 4500
001 23935
005 20260414151010.0
008 260414t2014||||xx |||||||||||||| ||spa||
041 _aESP
082 _a721.0441985
_bP87
100 _aProtzen, Jean-Pierre
_eAUT
245 0 _aArquitectura y construcción incas en Ollantaytambo
_b
260 _c2014
300 _a400 páginas :
_c24 cm.
650 _aABD
654 _aCAU
942 _cLIB
_dJUS
_fJUS
_2ddc
_n
999 _c23935
_d23935